[Event "Wch U12 blitz"]
[Site "Minsk"]
[Date "2018.06.24"]
[Round "2"]
[White "Levaev, Aleksey"]
[Black "Petrovskiy, Vadim1111"]
[Result "0-1"]
[WhiteElo "1640"]
[BlackElo "2133"]
[PlyCount "45"]
[EventDate "2018.06.24"]
[EventType "swiss (blitz)"]
[EventRounds "9"]
[EventCountry "BLR"]
[SourceTitle "EXT 2019"]
[Source "ChessBase"]
[SourceDate "2018.10.10"]
[SourceVersion "1"]
[SourceVersionDate "2018.10.10"]
[SourceQuality "1"]

1. c4 Nf6 2. g3 g6 3. Bg2 Bg7 4. e3 0-0 5. Ne2 d6 6. 0-0 Nbd7 7. b3 c6 8. Bb2 e5 9. d4 Re8 10. Nbc3 a6 11. Rc1 h5 12. Re1 Nf8 13. dxe5 dxe5 14. Qxd8 Rxd8 15. Red1 Bf5 16. Na4 N8d7 17. f3 Rac8 18. Kf2 b5 19. cxb5 cxb5 20. Nac3 Nc5 21. e4 Be6 22. Rc2 Rxd1 23. Ng1 0-1